00464nam a2200157Ia 450000500170000000800410001708200130005810000120007124500310008326000420011430000120015665000180016894200060018695200990019299900150029120250405123945.0240331s9999 xx 000 0 und d bSEKa894 aSekar,V 0aVaanam ean mealea ponathu? aChennaibPannikudam Pathippagamc2006 a48 p ., aShort Stories cL 001040708LaWERCLbWERCLcSSCd2024-03-31l0o 894.811 SEKp5984r2024-03-31w2024-03-31yL c4663d4663